Metodika bibliografie zborník príspevkov k teórii a praxi

Salvato in:
Dettagli Bibliografici
Autore principale: Hanakovič, Štefan
Natura: Libro
Lingua:slovacco
Pubblicazione: Martin Matica slovenská 1985
Serie:Metodika a propagácia
Tags: Aggiungi Tag
Nessun Tag, puoi essere il primo ad aggiungerne!!

MARC

LEADER 00000nam a2200000 4500
001 c105266
005 20181203150249.8
041 0 |a slo 
044 |a SK 
245 1 0 |a Metodika bibliografie  |b zborník príspevkov k teórii a praxi  |c Štefan Hanakovič 
264 1 |a Martin  |b Matica slovenská  |c 1985 
300 |a 227 s. 
490 1 |a Metodika a propagácia 
830 0 |a Metodika a propagácia 
100 1 |a Hanakovič, Štefan